Normal view
MARC view
Entry Personal Name
001 - CONTROL NUMBER
- control field: 163224
003 - CONTROL NUMBER IDENTIFIER
- control field: OSt
005 - DATE AND TIME OF LATEST TRANSACTION
- control field: 20220923214103.0
008 - FIXED-LENGTH DATA ELEMENTS
- fixed length control field: 220923|| aca||aabn | a|a d
040 ## - CATALOGING SOURCE
- Original cataloging agency: OSt
- Transcribing agency: OSt
100 ## - HEADING--PERSONAL NAME
- Personal name: रज्जब; शर्मा, ब्रजलाल, संपा
670 ## - SOURCE DATA FOUND
- Source citation: Work cat.: (OSt)321415: रज्जब; शर्मा, ब्रजलाल, संपा., रज्जब बानी, 1963
